000 00699cam a2200181 i 4500
005 20251228123150.0
008 250721s2005 jo gr 000 0 ara d
082 1 4 _a218.6
_bا ن ت
245 1 0 _aانتبه ... !؟ دينك في خطر /
_cجمع وترتيب أبي عبد الله علوي اليمني ؛ تقديم نور الدين بن يربح الجزائري.
264 3 1 _aاربد :
_bدار الكتاب الثقافي،
_c2005.
300 _a109 صفحة.
650 1 7 _aدفاع المطاعن.
650 1 7 _aالإسلام.
650 1 7 _aالغرب.
700 1 _aاليمني، أبي عبد الله علوي
_dجامع.
942 _2ddc
_cBK
999 _c94414
_d94414